Giáo trình luật hành chính Việt Nam

Trình bày những vấn đề chung của luật hành chính, các nguyên tắc cơ bản trong quản lý hành chính Nhà nước, phương pháp quản lý hành chính Nhà nước,...

שמור ב:
מידע ביבליוגרפי
מחבר ראשי: Trần, Minh Hương
מחבר תאגידי: Trường Đại học Luật Hà Nội
פורמט: ספר
שפה:Undetermined
יצא לאור: Hà Nội Công an nhân dân 1998
נושאים:
תגים: הוספת תג
אין תגיות, היה/י הראשונ/ה לתייג את הרשומה!
Thư viện lưu trữ: Trung tâm Học liệu Trường Đại học Cần Thơ
LEADER 00947nam a2200217Ia 4500
001 CTU_28409
008 210402s9999 xx 000 0 und d
082 |a 342.59706 
082 |b H561/T.1 
100 |a Trần, Minh Hương 
110 |a Trường Đại học Luật Hà Nội 
245 0 |a Giáo trình luật hành chính Việt Nam 
245 0 |c Trần Minh Hương (chủ biên) 
260 |a Hà Nội 
260 |b Công an nhân dân 
260 |c 1998 
520 |a Trình bày những vấn đề chung của luật hành chính, các nguyên tắc cơ bản trong quản lý hành chính Nhà nước, phương pháp quản lý hành chính Nhà nước,... 
650 |a Administrative law 
650 |z Vietnam 
904 |i Giang, Năm sửa số PL 351.597/Tr561/T.1 thành 342.59706/H561/T.1 
980 |a Trung tâm Học liệu Trường Đại học Cần Thơ